000 00942nam a2200265 a 4500
001 BRCA_12
005 20190320202837.0
008 930819s1988 sp-a---##b---#001-0#spa-d
020 _a8486474035
040 _aMH
_cMH
_dDLC
050 4 _aBX1905
_b.N86 1988
100 1 _aNúñez de Cepeda, Francisco
_d1616-1690
_958
240 1 0 _aIdea de el buen pastor
245 1 0 _aEmpresas sacras de Núñez de Cepeda
_c[edición de] Rafael García Mahíques ; prólogo Santiago Sebastián.
260 _aMadrid
_bTuero
_c1988
300 _axv, 210 p.
_bil.
_c30 cm.
500 _aFacsímil de: Idea de el buen pastor. León : Talleres de Anisson y Posuel, 1682
504 _aIncluye referencias bibliográficas
650 1 4 _aEmblemas de libros españoles
_959
650 1 4 _aEmblemas
_xTrabajos tempranos a 1800
_zEspaña
_960
653 0 _aEmblemática
700 1 _aGarcía Mahíques, Rafael
_961
700 1 _aSantiago Sebastián
_962
942 _2lcc
_cB
999 _c12
_d12